000 00465nam a22001577a 4500
005 20260227124423.0
008 260227b |||||||| |||| 00| 0 eng d
041 _aeng
082 _a510.954 HAV-K
100 _aHAYASHI, TAKAO
_98875
245 _aKUTTAKARASIROMANC OF DEVARAJA : SANSKRIT TEXT WITH ENGLISH TRANSLATION ,NOTE AND APPLENDICES
260 _aNEW DELHI
_bINDIAN NATIONAL SCIENCE ACADEMY
_c2011
300 _a192;P
650 _aBGP
_98859
942 _cBK
999 _c9051
_d9049